| 000 | 00916cab a2200265 4500 | ||
|---|---|---|---|
| 001 | WB3111-01 | ||
| 008 | 090401t1995 xxu||||| |||| 00| 0 eng d | ||
| 035 | _a(Sirsi) u29037 | ||
| 041 | _aeng | ||
| 245 | _aNew orders | ||
| 260 | _c1995 | ||
| 350 | _a0 | ||
| 490 |
_aRICS Press Release _v(PR22/95CONS) 14 March 1995 |
||
| 490 |
_aDOE Information Bulletin _v(123) 14 March 1995 (14) |
||
| 520 | _aRICS warns that uncertainty over interest rates is preventing investment decisions, following the announcement that new orders received by contractors between November 1994 and January 1995 were 25% lower than the same period last year. Tables and graphs. | ||
| 650 | _aCONSTRUCTION MARKET | ||
| 650 | _aCONSTRUCTION WORK | ||
| 650 | _aCONTRACTORS | ||
| 650 | _aINTEREST RATES | ||
| 650 | _aNEW ORDERS | ||
| 650 | _aPRIVATE SECTOR | ||
| 690 | _aBUILT ENVIRONMENT | ||
| 942 | _n0 | ||
| 948 | _c04/03/1997 | ||
| 999 |
_c19542 _d19542 |
||